<?xml version="1.0" encoding="UTF-8"?>
<record
    xmlns:xsi="http://www.w3.org/2001/XMLSchema-instance"
    xsi:schemaLocation="http://www.loc.gov/MARC21/slim http://www.loc.gov/standards/marcxml/schema/MARC21slim.xsd"
    xmlns="http://www.loc.gov/MARC21/slim">

  <leader>02911nac a22002891u 4500</leader>
  <datafield tag="010" ind1=" " ind2=" ">
    <subfield code="a">  2002405126</subfield>
  </datafield>
  <datafield tag="020" ind1=" " ind2=" ">
    <subfield code="a">0761974156</subfield>
  </datafield>
  <datafield tag="020" ind1=" " ind2=" ">
    <subfield code="a">0761974148 (CASED)</subfield>
  </datafield>
  <datafield tag="035" ind1=" " ind2=" ">
    <subfield code="a">(OCoLC)ocm47900794</subfield>
  </datafield>
  <datafield tag="082" ind1="0" ind2="0">
    <subfield code="a">380.13</subfield>
    <subfield code="b">S9583</subfield>
  </datafield>
  <datafield tag="090" ind1=" " ind2=" ">
    <subfield code="c">4238</subfield>
    <subfield code="d">4238</subfield>
  </datafield>
  <datafield tag="100" ind1=" " ind2=" ">
    <subfield code="a">20080729                     </subfield>
  </datafield>
  <datafield tag="245" ind1="0" ind2="0">
    <subfield code="a">Policy issues for business :</subfield>
    <subfield code="b">a reader /</subfield>
    <subfield code="c">edited by Vivek Suneja.</subfield>
  </datafield>
  <datafield tag="260" ind1=" " ind2=" ">
    <subfield code="a">London ;</subfield>
    <subfield code="a">Thousand Oaks, Calif. :</subfield>
    <subfield code="b">SAGE,2002</subfield>
    <subfield code="c">2002.</subfield>
  </datafield>
  <datafield tag="300" ind1=" " ind2=" ">
    <subfield code="a">xi, 353 p. :</subfield>
    <subfield code="b">ill., map ;</subfield>
    <subfield code="c">25 cm.</subfield>
  </datafield>
  <datafield tag="500" ind1=" " ind2=" ">
    <subfield code="a">Published in association with the Open University.</subfield>
  </datafield>
  <datafield tag="504" ind1=" " ind2=" ">
    <subfield code="a">Includes bibliographical references and index.</subfield>
  </datafield>
  <datafield tag="505" ind1="8" ind2=" ">
    <subfield code="a">Machine generated contents note: SECTION 1 Policy: Significance and Rationale -- CHAPTER 1 -- The Insider: What I Learned at the World Economic Crisis -- Joseph Stiglitz -- CHAPTER 2 -- Stiglitz vs. the IMF: Another View -- Rudi Dombusch -- CHAPTER 3 -- Why Do We Need Policy? -- Robert Heilbroner and Lester Thurow -- CHAPTER 4 -- Culture, Social Norms and Economics: Some Implications for Policy -- Mark Casson -- SECTION 2 Competition Policy -- CHAPTER 5 -- Competition Policy -- David Young and Stan Metcaffe -- CHAPTER 6 -- International Competition Policy -- Alan 0. Sykes -- SECTION 3 Science, Technology and Innovation Policy -- CHAPTER 7 -- Science Policy and Technology Policy -- J.S. Metcaffe -- CHAPTER 8 -- National Systems of Innovation -- Chris Freeman -- CHAPTER 9 -- The Competitive Advantage of Nations -- Michael E. Porter -- CHAPTER 10 -- Imperfect Markets and Fallible Governments: The Role of the State in Industrial Development -- Sanjaya Lall -- SECTION 4 International Trade and Investment Policy -- CHAPTER 11 -- Making Sense of the Competitiveness Debate -- Paul R. Krugman -- CHAPTER 12 -- Themes in Trade and Industrialization -- Deepak Nayyar -- CHAPTER 13 -- A Business Analytic Approach to Governments and Globalization -- John H. Dunning -- CHAPTER 14 -- Foreign Direct Investment and the Challenge of Development -- World Investment Report -- CHAPTER 15 -- Information Technology and Global Capitalism -- Manuel Castells -- SECTION 5 Regional Policy -- CHAPTER 16 -- Towards a Competence Theory of the Region -- Clive Lawson -- CHAPTER 17 -- Policies for the Development of Knowledge-Intensive -- Local Production Systems -- Fiorenza Belussi -- SECTION 6 Environmental Policy -- CHAPTER 18 -- Sustainable Development -- Giles Atkinson.</subfield>
  </datafield>
  <datafield tag="650" ind1=" " ind2="0">
    <subfield code="a">Business.</subfield>
  </datafield>
  <datafield tag="650" ind1=" " ind2="0">
    <subfield code="a">Commercial policy.</subfield>
  </datafield>
  <datafield tag="700" ind1="1" ind2=" ">
    <subfield code="a">Suneja, Vivek,</subfield>
    <subfield code="d">1963-</subfield>
  </datafield>
  <datafield tag="710" ind1="2" ind2=" ">
    <subfield code="a">Open University.</subfield>
  </datafield>
  <datafield tag="856" ind1="4" ind2="1">
    <subfield code="3">Table of contents only</subfield>
    <subfield code="u">http://www.loc.gov/catdir/toc/fy032/2002405126.html</subfield>
  </datafield>
  <datafield tag="856" ind1="4" ind2="1">
    <subfield code="3">Publisher description</subfield>
    <subfield code="u">http://www.loc.gov/catdir/enhancements/fy0657/2002405126-d.html</subfield>
  </datafield>
  <datafield tag="942" ind1=" " ind2=" ">
    <subfield code="c">BB</subfield>
    <subfield code="k">380.13S9583</subfield>
  </datafield>
  <datafield tag="999" ind1=" " ind2=" ">
    <subfield code="c">4238</subfield>
    <subfield code="d">4238</subfield>
  </datafield>
  <datafield tag="952" ind1=" " ind2=" ">
    <subfield code="0">0</subfield>
    <subfield code="1">0</subfield>
    <subfield code="4">0</subfield>
    <subfield code="7">0</subfield>
    <subfield code="a">MAIN</subfield>
    <subfield code="b">MAIN</subfield>
    <subfield code="c">1ST</subfield>
    <subfield code="d">2007-09-02</subfield>
    <subfield code="e">Purchase</subfield>
    <subfield code="l">1</subfield>
    <subfield code="o">380.13 POL</subfield>
    <subfield code="p">000000169</subfield>
    <subfield code="r">2025-07-15 00:00:00</subfield>
    <subfield code="s">2010-03-09</subfield>
    <subfield code="y">BB</subfield>
  </datafield>
</record>
